000 00798nam a2200289Ia 4500
005 20260324150039.0
008 008 260324s9999 xx 000 0 eng d
020 _a9781315763453
037 _aEBOOK
040 _aCRL
040 _beng
040 _cCRL
041 _2eng
041 _aeng
084 _qCRL
100 _aBarry Sandywell; David Silverman; Maurice Roche; Paul Filmer; Michael Phillipson
_91225080
245 0 _aProblems of Reflexivity and Dialectics in Sociological Inquiry (RLE Social Theory)
245 0 _bLanguage Theorizing Difference
260 _bTaylor and Francis
260 _c1975
365 _a
365 _b180
856 _uhttp://www.taylorfrancis.com/books/9781315763453
942 _cEBOOK
999 _c1833881
_d1833881